00253nam a22000977a 4500020001500000082001700015100004000032245003800072260001900110300002600129 a0596100078 222a005.2762 aRichards, Norman and Griffith, Sam. aJBOSS :ba developer's notebook / aNAbNAcc2005. axix, 149 p. ;bill. ;